000 00328nam a2200157Ia 4500
100 _aGhezzi/ Carlo
250 _a2
942 _cBK
654 _aLanguages
245 _aProgramming Language Concepts
260 _bJohn Wiley & Sons
_c1982
082 _a5.13
_bGHE/JAZ
300 _a428
546 _aENGLISH
999 _c18100
_d18100